000 00655nam a22001817a 4500
999 _c178600
_d178600
005 20210407153308.0
010 _aENG-129385
020 _c455.00
_a978-93-905-2543-6
035 _aEN-112917
037 _bDBAD/PUB
082 _a305.3
100 _aBhatia, Reema
245 _aGender: a Sociological Understanding/
_bReema Bhatia
260 _aNoida
_bPearson
_c2021
270 _a15th floor,Tower-B,Word Trade Tower,Plot no.1,Block-C sec 16,
_bNoida
_e201301
_k04466540100
_mcompanysecretary.india@pearson.com
300 _axxxiii+406p.
_c23cm(pbk)
_bincluding graphs, tables, illustrations and index.
942 _2ddc
_cEN
_h305.3
_mBHA